Statistics for Biggest U.S. States A-Z

Click here to take the quiz!

General Stats

  • This quiz has been taken 1,240 times
  • The average score is 17 of 19

Answer Stats

State% Correct
AAlaska
97%
CCalifornia
96%
FFlorida
95%
GGeorgia
94%
TTexas
94%
KKansas
92%
OOregon
91%
UUtah
91%
HHawaii
90%
DDelaware
89%
IIdaho
89%
VVirginia
89%
LLouisiana
87%
MMontana
87%
WWyoming
87%
NNew Mexico
85%
PPennsylvania
85%
RRhode Island
84%
SSouth Dakota
84%

Score Distribution

Percentile by Number Answered

Percent of People with Each Score

Your Score History

You have not taken this quiz